[Event "FRA-ch Accession"]
[Site "Belfort"]
[Date "2010.??.??"]
[Round "5"]
[White "Lutz, Eric"]
[Black "Lerch, Patrice"]
[Result "1/2-1/2"]
[WhiteElo "2218"]
[BlackElo "2340"]
[PlyCount "109"]
[EventDate "2010.08.09"]
[EventType "swiss"]
[EventRounds "11"]
[EventCountry "FRA"]
[SourceTitle "CBM 138 Extra"]
[Source "ChessBase"]
[SourceDate "2010.10.29"]
[SourceVersion "1"]
[SourceVersionDate "2010.10.29"]
[SourceQuality "1"]

1. e4 c5 2. c3 Nf6 3. e5 Nd5 4. Nf3 Nc6 5. Bc4 Nb6 6. Bb3 c4 7. Bc2 Qc7 8. Qe2 g5 9. e6 dxe6 10. Nxg5 Qe5 11. d4 cxd3 12. Bxd3 Qxe2+ 13. Bxe2 h6 14. Ne4 e5 15. a4 Bf5 16. Bf3 Na5 17. Nbd2 0-0-0 18. b4 Nac4 19. Nc5 Nxd2 20. Bxb7+ Kc7 21. Bxd2 Nc4 22. Bc1 e6 23. Ba6 Na5 24. Be3 Bxc5 25. bxc5 Bd3 26. Bxd3 Rxd3 27. Ke2 Rxc3 28. Rhc1 Rxc1 29. Rxc1 h5 30. Rc3 Rg8 31. Bd2 Nc6 32. Rh3 Rxg2 33. Rxh5 Kd7 34. Rh4 Rg1 35. Be3 a5 36. f4 Rg2+ 37. Kf1 Ra2 38. fxe5 Nxe5 39. Rd4+ Kc8 40. h4 Rh2 41. Bf4 Nf3 42. Rd3 Rh1+ 43. Kg2 Ne1+ 44. Kxh1 Nxd3 45. Bd6 e5 46. h5 Nf2+ 47. Kg2 Ng4 48. Kg3 f5 49. c6 Nf6 50. Kh4 f4 51. h6 f3 52. Kg3 Ne4+ 53. Kxf3 Nxd6 54. h7 e4+ 55. Ke3 1/2-1/2

[Event "FRA-chT2 0910"]
[Site "France"]
[Date "2009.11.22"]
[Round "4.3"]
[White "Lutz, Eric"]
[Black "Maatoug, Redwan"]
[Result "0-1"]
[WhiteElo "2232"]
[BlackElo "2214"]
[PlyCount "100"]
[EventDate "2009.09.27"]
[EventType "team-tourn"]
[EventRounds "11"]
[EventCountry "FRA"]
[SourceTitle "EXT 2011"]
[Source "ChessBase"]
[SourceDate "2010.11.26"]
[SourceVersion "1"]
[SourceVersionDate "2010.11.26"]
[SourceQuality "1"]

1. d4 Nf6 2. c3 b6 3. Bg5 Bb7 4. Nd2 d6 5. Qc2 Nbd7 6. e4 h6 7. Bh4 g5 8. Bg3 Bg7 9. e5 Nh5 10. e6 Ndf6 11. exf7+ Kxf7 12. Bc4+ e6 13. Ngf3 Nxg3 14. fxg3 Bd5 15. 0-0 Rf8 16. Bxd5 exd5 17. Rae1 Kg8 18. Qg6 Qd7 19. h4 g4 20. Nh2 Qf7 21. Qxf7+ Rxf7 22. Rf5 h5 23. Re6 Raf8 24. Ndf1 Bh6 25. Ne3 Ne4 26. Rxh6 Rxf5 27. Nxf5 Rxf5 28. Nf1 Rf2 29. b3 Kg7 30. Re6 Rxa2 31. c4 Ra1 32. cxd5 Nxg3 33. Kf2 Nxf1 34. Re7+ Kf6 35. Rxc7 Nd2 36. b4 Ne4+ 37. Ke3 Ng3 38. Rd7 Nf5+ 39. Kd2 a5 40. bxa5 bxa5 41. Kc3 a4 42. Ra7 a3 43. Rh7 a2 44. Kb2 Rg1 45. Kxa2 Rxg2+ 46. Kb3 Kg6 47. Rh8 Re2 48. Rg8+ Ng7 49. Rf8 g3 50. Rf3 Nf5 0-1

[Event "FRA-chT2 0910"]
[Site "France"]
[Date "2009.10.04"]
[Round "1.4"]
[White "Carrillo, Jesus"]
[Black "Lutz, Eric"]
[Result "1/2-1/2"]
[WhiteElo "2124"]
[BlackElo "2223"]
[PlyCount "68"]
[EventDate "2009.09.27"]
[EventType "team-tourn"]
[EventRounds "11"]
[EventCountry "FRA"]
[SourceTitle "EXT 2011"]
[Source "ChessBase"]
[SourceDate "2010.11.26"]
[SourceVersion "1"]
[SourceVersionDate "2010.11.26"]
[SourceQuality "1"]

1. e4 c5 2. Nf3 e6 3. d4 cxd4 4. Nxd4 Nf6 5. Nc3 Qb6 6. Nb3 Bb4 7. Bd3 d5 8. exd5 Nxd5 9. Bd2 Nxc3 10. bxc3 Be7 11. 0-0 Nd7 12. Re1 Nf6 13. Nd4 a6 14. Qf3 0-0 15. Nf5 Bd8 16. Rab1 Qc5 17. Ng3 Qd5 18. Qxd5 Nxd5 19. c4 Nc7 20. Bb4 Re8 21. Ne4 a5 22. Ba3 Be7 23. Bxe7 Rxe7 24. Nd6 Na6 25. Rb5 Rd7 26. Nxc8 Rxc8 27. Rxa5 Nc5 28. Ra3 f6 29. Kf1 f5 30. f3 Kf7 31. Rb1 e5 32. Rb5 e4 33. fxe4 fxe4 34. Be2 Rd2 1/2-1/2

[Event "FRA-ch Accession"]
[Site "Nimes"]
[Date "2009.08.11"]
[Round "1"]
[White "Lutz, Eric"]
[Black "Iwanesko, Alexandre"]
[Result "1-0"]
[WhiteElo "2245"]
[BlackElo "2101"]
[PlyCount "113"]
[EventDate "2009.08.11"]
[EventType "swiss"]
[EventRounds "9"]
[EventCountry "FRA"]
[SourceTitle "CBM 132 Extra"]
[Source "ChessBase"]
[SourceDate "2009.11.03"]
[SourceVersion "1"]
[SourceVersionDate "2009.11.03"]
[SourceQuality "1"]

1. d4 Nf6 2. c3 g6 3. Bg5 Bg7 4. Nd2 d6 5. e3 0-0 6. Bc4 Nbd7 7. Ne2 e5 8. 0-0 h6 9. Bh4 Qe7 10. a4 c6 11. Qc2 Kh8 12. Rae1 g5 13. Bg3 Nh5 14. f4 d5 15. Ba2 gxf4 16. exf4 e4 17. c4 Nxg3 18. Nxg3 Bxd4+ 19. Kh1 f5 20. cxd5 cxd5 21. Bxd5 Nf6 22. Bc4 Qg7 23. Nb3 Bb6 24. a5 Bd8 25. Nd4 Ng4 26. Ne6 Bxe6 27. Bxe6 Bxa5 28. Nxf5 Qf6 29. Rxe4 Rae8 30. Nd4 Ne3 31. Rxe3 Qxd4 32. Qg6 Qf6 33. Qxf6+ Rxf6 34. f5 Bd2 35. Re2 Bb4 36. Rd1 a5 37. Rc2 b6 38. Rc7 Re7 39. Rc8+ Kh7 40. Rdd8 Rexe6 41. Rh8+ Kg7 42. Rcg8+ Kf7 43. fxe6+ Kxe6 44. Re8+ Kd5 45. h4 Kc4 46. Re2 Kb3 47. g4 Rf1+ 48. Kg2 Rf6 49. Rhe8 Bc5 50. R8e4 a4 51. g5 hxg5 52. hxg5 Rc6 53. Rg4 b5 54. Rg3+ Kb4 55. Rc2 Rd6 56. g6 Bd4 57. Rd2 1-0

[Event "FRA-chT2 East 0809"]
[Site "France"]
[Date "2009.04.05"]
[Round "11.1"]
[White "Chernov, Vadim A"]
[Black "Lutz, Eric"]
[Result "1/2-1/2"]
[WhiteElo "2455"]
[BlackElo "2254"]
[PlyCount "44"]
[EventDate "2008.10.19"]
[EventType "team-tourn"]
[EventRounds "11"]
[EventCountry "FRA"]
[SourceTitle "EXT 2010"]
[Source "ChessBase"]
[SourceDate "2010.11.25"]
[SourceVersion "1"]
[SourceVersionDate "2010.11.25"]
[SourceQuality "1"]
[WhiteTeam "Metz Fischer II"]
[BlackTeam "Bischwiller II"]
[WhiteTeamCountry "FRA"]
[BlackTeamCountry "FRA"]

1. e4 e5 2. Nf3 Qe7 3. Bc4 d6 4. 0-0 h6 5. d4 Bg4 6. dxe5 dxe5 7. Qd5 Nc6 8. Bb5 Bd7 9. Bxc6 Bxc6 10. Qxe5 Bxe4 11. Re1 f5 12. Nc3 Nf6 13. Bf4 0-0-0 14. Nh4 Qxe5 15. Bxe5 Bb4 16. Nxe4 Nxe4 17. Re2 Rd5 18. Bxg7 Rhd8 19. g3 Rd2 20. Rae1 Bc5 21. Bxh6 Bxf2+ 22. Rxf2 Nxf2 1/2-1/2

[Event "FRA-chT2 East 0809"]
[Site "France"]
[Date "2008.11.23"]
[Round "3.3"]
[White "Bardel, Stephan"]
[Black "Lutz, Eric"]
[Result "1/2-1/2"]
[WhiteElo "2251"]
[BlackElo "2268"]
[PlyCount "84"]
[EventDate "2008.10.19"]
[EventType "team-tourn"]
[EventRounds "11"]
[EventCountry "FRA"]
[SourceTitle "EXT 2010"]
[Source "ChessBase"]
[SourceDate "2010.11.25"]
[SourceVersion "1"]
[SourceVersionDate "2010.11.25"]
[SourceQuality "1"]
[WhiteTeam "Grenoble"]
[BlackTeam "Bischwiller II"]
[WhiteTeamCountry "FRA"]
[BlackTeamCountry "FRA"]

1. c4 f5 2. Nf3 Nf6 3. g3 g6 4. Bg2 Bg7 5. Nc3 0-0 6. 0-0 c6 7. d3 d6 8. Qc2 Kh8 9. b4 e5 10. Bb2 Be6 11. a4 Nbd7 12. b5 d5 13. bxc6 bxc6 14. cxd5 cxd5 15. Ba3 Re8 16. Nb5 Bg8 17. Rfc1 Bh6 18. e3 Ng4 19. Qe2 d4 20. exd4 e4 21. dxe4 Rxe4 22. Qd1 Bxc1 23. Rxc1 Rc8 24. Rxc8 Qxc8 25. d5 Qc4 26. Bb2+ Ngf6 27. Nd6 Qxa4 28. Qxa4 Rxa4 29. Ne8 Bxd5 30. Nxf6 Nxf6 31. Ng5 Bxg2 32. Bxf6+ Kg8 33. Kxg2 h6 34. Nf3 Re4 35. Nd2 Re6 36. Bd4 a5 37. Kf3 Kf7 38. Nc4 a4 39. h4 Ra6 40. Bb2 Re6 41. Ne5+ Ke7 42. Ke3 Kd6 1/2-1/2

[Event "FRA-chT2 East 0708"]
[Site "France"]
[Date "2008.04.06"]
[Round "11.1"]
[White "Lutz, Eric"]
[Black "Naudier, Serge"]
[Result "1-0"]
[WhiteElo "2237"]
[BlackElo "2258"]
[PlyCount "85"]
[EventDate "2007.10.21"]
[EventType "team"]
[EventRounds "11"]
[EventCountry "FRA"]
[SourceTitle "EXT 2009"]
[Source "ChessBase"]
[SourceDate "2008.11.26"]
[SourceVersion "1"]
[SourceVersionDate "2008.11.26"]
[SourceQuality "1"]
[WhiteTeam "Bischwiller II"]
[BlackTeam "Besancon TPG II"]
[WhiteTeamCountry "FRA"]
[BlackTeamCountry "FRA"]

1. d4 d5 2. c3 Bf5 3. Qb3 b6 4. Bg5 c6 5. Nd2 Nd7 6. f3 Ngf6 7. g4 Bg6 8. Bg2 e5 9. h3 exd4 10. cxd4 Bd6 11. Rc1 c5 12. f4 h6 13. f5 Bh7 14. Bh4 Be7 15. Bg3 cxd4 16. Bxd5 Nxd5 17. Qxd5 0-0 18. Qxd4 Bf6 19. Qb4 Rc8 20. Rc4 Rxc4 21. Nxc4 Nc5 22. Nf3 Ne4 23. Bf2 Be7 24. Qb3 Qc7 25. Qd3 Bb4+ 26. Kf1 Re8 27. Qd5 Bc5 28. e3 b5 29. Nce5 Ng5 30. Nxg5 Qxe5 31. Qxe5 Rxe5 32. Nf3 Re8 33. Ke2 g6 34. Rd1 gxf5 35. gxf5 Bb6 36. Rd5 Rc8 37. Rxb5 Rc2+ 38. Nd2 Kf8 39. a4 Ke7 40. a5 Bc7 41. e4 Kd7 42. Kd1 Kc6 43. Rb3 1-0

[Event "FRA-chT2 East 0708"]
[Site "France"]
[Date "2008.01.20"]
[Round "6.3"]
[White "Todorov, Ognjan"]
[Black "Lutz, Eric"]
[Result "0-1"]
[WhiteElo "2313"]
[BlackElo "2230"]
[PlyCount "60"]
[EventDate "2007.10.21"]
[EventType "team"]
[EventRounds "11"]
[EventCountry "FRA"]
[SourceTitle "EXT 2009"]
[Source "ChessBase"]
[SourceDate "2008.11.26"]
[SourceVersion "1"]
[SourceVersionDate "2008.11.26"]
[SourceQuality "1"]
[WhiteTeam "Montrevel en Bresse"]
[BlackTeam "Bischwiller II"]
[WhiteTeamCountry "FRA"]
[BlackTeamCountry "FRA"]

1. d4 e6 2. Nf3 f5 3. g3 Nf6 4. Bg2 d5 5. c4 c6 6. 0-0 Bd6 7. b3 Nbd7 8. Bb2 Ne4 9. Nbd2 Qf6 10. e3 h5 11. h4 Qh6 12. Nxe4 fxe4 13. Ng5 Be7 14. f4 exf3 15. Nxf3 g5 16. hxg5 Bxg5 17. Nxg5 Qxg5 18. Qf3 Rf8 19. Qe2 Nf6 20. Ba3 Rg8 21. Bd6 Ng4 22. Bf4 Qe7 23. e4 e5 24. dxe5 dxc4 25. Qxc4 Be6 26. Qd4 Rd8 27. Qxa7 h4 28. Rad1 hxg3 29. Bxg3 Bc8 30. Bf4 Qh4 0-1

[Event "Bischwiller"]
[Site "Bischwiller"]
[Date "2007.07.07"]
[Round "8"]
[White "Lutz, Eric"]
[Black "Riff, Vincent"]
[Result "1/2-1/2"]
[WhiteElo "2208"]
[BlackElo "2308"]
[PlyCount "30"]
[EventDate "2007.07.01"]
[EventType "tourn"]
[EventRounds "9"]
[EventCountry "FRA"]
[EventCategory "4"]
[SourceTitle "EXT 2011"]
[Source "ChessBase"]
[SourceDate "2010.11.26"]
[SourceVersion "1"]
[SourceVersionDate "2010.11.26"]
[SourceQuality "1"]

1. e4 c5 2. c3 d6 3. f4 Nf6 4. Nf3 Nc6 5. d3 g6 6. h3 Bg7 7. Be3 0-0 8. g4 Ne8 9. Nbd2 e6 10. h4 f5 11. gxf5 gxf5 12. h5 h6 13. e5 dxe5 14. fxe5 Nxe5 15. Nxe5 Bxe5 1/2-1/2

[Event "Bischwiller"]
[Site "Bischwiller"]
[Date "2007.07.06"]
[Round "7"]
[White "Karpatchev, Aleksandr"]
[Black "Lutz, Eric"]
[Result "1-0"]
[WhiteElo "2466"]
[BlackElo "2208"]
[PlyCount "131"]
[EventDate "2007.07.01"]
[EventType "tourn"]
[EventRounds "9"]
[EventCountry "FRA"]
[EventCategory "4"]
[SourceTitle "EXT 2011"]
[Source "ChessBase"]
[SourceDate "2010.11.26"]
[SourceVersion "1"]
[SourceVersionDate "2010.11.26"]
[SourceQuality "1"]

1. e4 e5 2. Nf3 Qe7 3. Nc3 c6 4. d4 d6 5. dxe5 dxe5 6. Bc4 Bg4 7. h3 Bxf3 8. Qxf3 Nf6 9. Be3 Nbd7 10. 0-0-0 g6 11. g4 Nb6 12. Bb3 Nfd7 13. h4 h5 14. g5 Bg7 15. Rd6 Rf8 16. Rhd1 0-0-0 17. a4 Kc7 18. a5 Nc8 19. R6d2 b6 20. Qe2 Nb8 21. axb6+ axb6 22. Rxd8 Rxd8 23. Rxd8 Kxd8 24. Qc4 Ke8 25. Nd5 Nd6 26. Nxe7 Nxc4 27. Bxc4 Kxe7 28. Bxb6 f6 29. Bc5+ Ke8 30. Be3 Ke7 31. Kd2 fxg5 32. hxg5 Bf8 33. b4 Ke8 34. c3 Bd6 35. Ke2 Nd7 36. Be6 Nf8 37. Bh3 Be7 38. Kd3 Nh7 39. Kc4 Bxg5 40. Ba7 Be7 41. Bb8 Ng5 42. Bg2 Bf6 43. f4 exf4 44. Bxf4 Ne6 45. e5 Kd7 46. exf6 Nxf4 47. f7 Ke7 48. Bxc6 Kxf7 49. b5 Ke7 50. Kc5 Ne6+ 51. Kd5 g5 52. c4 Nf4+ 53. Ke5 Nd3+ 54. Kd4 Nf4 55. c5 Ne6+ 56. Kd5 Nc7+ 57. Kc4 Kd8 58. b6 Na6 59. Bb5 Nb8 60. c6 Nxc6 61. Bxc6 g4 62. Kb5 Kc8 63. Ka6 Kb8 64. Be4 g3 65. Bg2 h4 66. Ka5 1-0

[Event "Bischwiller"]
[Site "Bischwiller"]
[Date "2007.07.03"]
[Round "4"]
[White "Lutz, Eric"]
[Black "Pfrommer, Christoph"]
[Result "1/2-1/2"]
[WhiteElo "2208"]
[BlackElo "2358"]
[PlyCount "118"]
[EventDate "2007.07.01"]
[EventType "tourn"]
[EventRounds "9"]
[EventCountry "FRA"]
[EventCategory "4"]
[SourceTitle "EXT 2011"]
[Source "ChessBase"]
[SourceDate "2010.11.26"]
[SourceVersion "1"]
[SourceVersionDate "2010.11.26"]
[SourceQuality "1"]

1. d4 d5 2. c3 Nf6 3. Bg5 c6 4. Nd2 Bf5 5. Bxf6 exf6 6. f3 Nd7 7. e4 dxe4 8. fxe4 Bg6 9. Bd3 Bd6 10. Ngf3 0-0 11. Nh4 c5 12. Nxg6 fxg6 13. Nf3 cxd4 14. cxd4 Qb6 15. Qb3+ Qxb3 16. axb3 g5 17. Ke2 Rfd8 18. g3 Bc7 19. Rhd1 Bb6 20. Bc4+ Kh8 21. Bd5 Rab8 22. Ne1 Nf8 23. g4 Ng6 24. Ke3 Rd7 25. Rd2 Re8 26. Bc4 Rde7 27. Bd3 Nf4 28. Bc2 Nd5+ 29. Kf3 Nb4 30. Bb1 Nc6 31. Ra4 Rd8 32. Ke3 Red7 33. Nf3 Ne5 34. h3 Nxf3 35. Kxf3 Rxd4 36. Rdxd4 Rxd4 37. Rxd4 Bxd4 38. Bd3 Bxb2 39. Bc4 g6 40. Bd5 b6 41. Ke3 Kg7 42. Kd3 f5 43. exf5 gxf5 44. gxf5 Kf6 45. Ke4 h5 46. Bc4 a5 47. Be2 g4 48. hxg4 h4 49. Bf1 Kg5 50. Kf3 Be5 51. Be2 h3 52. Bd1 b5 53. Be2 a4 54. bxa4 bxa4 55. Bd1 a3 56. Bb3 Kh4 57. Bd5 h2 58. Kg2 Kxg4 59. f6 Bxf6 1/2-1/2

[Event "Bischwiller"]
[Site "Bischwiller"]
[Date "2007.07.02"]
[Round "3"]
[White "Brethes, Francois"]
[Black "Lutz, Eric"]
[Result "0-1"]
[WhiteElo "2180"]
[BlackElo "2208"]
[PlyCount "58"]
[EventDate "2007.07.01"]
[EventType "tourn"]
[EventRounds "9"]
[EventCountry "FRA"]
[EventCategory "4"]
[SourceTitle "EXT 2011"]
[Source "ChessBase"]
[SourceDate "2010.11.26"]
[SourceVersion "1"]
[SourceVersionDate "2010.11.26"]
[SourceQuality "1"]

1. d4 e6 2. Nf3 f5 3. c4 Nf6 4. g3 d5 5. Bg2 c6 6. Qc2 Bd6 7. 0-0 0-0 8. b3 Ne4 9. Bb2 Nd7 10. Nbd2 Qf6 11. Ne1 g5 12. f3 Nxg3 13. hxg3 Bxg3 14. Nd3 Qh6 15. Rfd1 Qh2+ 16. Kf1 Nf6 17. Bc3 Ng4 18. fxg4 fxg4+ 19. Nf3 gxf3 20. exf3 Rxf3+ 21. Bxf3 Qxc2 22. Rac1 Qh2 23. Rd2 Qh4 24. Rg2 e5 25. Rxg3 Qxg3 26. Nxe5 Bh3+ 27. Ke2 g4 28. Bh1 Rf8 29. Nd3 Bf1+ 0-1

[Event "Bischwiller"]
[Site "Bischwiller"]
[Date "2007.07.02"]
[Round "2"]
[White "Lutz, Eric"]
[Black "Genov, Petar"]
[Result "0-1"]
[WhiteElo "2208"]
[BlackElo "2472"]
[PlyCount "65"]
[EventDate "2007.07.01"]
[EventType "tourn"]
[EventRounds "9"]
[EventCountry "FRA"]
[EventCategory "4"]
[SourceTitle "EXT 2011"]
[Source "ChessBase"]
[SourceDate "2010.11.26"]
[SourceVersion "1"]
[SourceVersionDate "2010.11.26"]
[SourceQuality "1"]

1. e4 c5 2. Nf3 e6 3. d4 cxd4 4. Nxd4 a6 5. Be2 Nf6 6. Nc3 d6 7. 0-0 Qc7 8. f4 Nc6 9. Kh1 Be7 10. Be3 0-0 11. Bf3 Re8 12. a4 Na5 13. g4 Nc4 14. Bc1 Rb8 15. Bg2 b6 16. g5 Nd7 17. Qh5 g6 18. Qh4 Bf8 19. Rf3 Bg7 20. Nde2 f5 21. Rh3 Nf8 22. b3 Na5 23. Ba3 b5 24. axb5 axb5 25. b4 Nc4 26. Ra2 Bd7 27. exf5 gxf5 28. Bc1 Bc6 29. Qf2 Bxg2+ 30. Qxg2 Ng6 31. Rd3 d5 32. Qf3 Qe7 33. Nd1 0-1

[Event "FRA-chT2 East 0607"]
[Site "France"]
[Date "2007.03.18"]
[Round "9.4"]
[White "Lutz, Eric"]
[Black "Engelmann, Herve"]
[Result "0-1"]
[WhiteElo "2190"]
[BlackElo "2082"]
[PlyCount "64"]
[EventDate "2006.10.15"]
[EventType "team"]
[EventRounds "11"]
[EventCountry "FRA"]
[SourceTitle "EXT 2008"]
[Source "ChessBase"]
[SourceDate "2007.11.25"]
[SourceVersion "1"]
[SourceVersionDate "2007.11.25"]
[SourceQuality "1"]
[WhiteTeam "Bischwiller II"]
[BlackTeam "Gambsheim"]
[WhiteTeamCountry "FRA"]
[BlackTeamCountry "FRA"]

1. d4 d5 2. c3 c5 3. dxc5 e5 4. b4 Nc6 5. Bb2 Nf6 6. e3 Be7 7. Nf3 0-0 8. Nbd2 Bg4 9. Qc2 Qc7 10. Bb5 e4 11. Nd4 Ne5 12. f4 exf3 13. gxf3 Bh5 14. Be2 b6 15. cxb6 axb6 16. Nb5 Qd7 17. a3 Bg6 18. Qb3 Bd3 19. Nd4 Bxe2 20. Kxe2 b5 21. Rag1 Rfe8 22. Qc2 Bd8 23. Qf5 Qb7 24. Rg3 Ng6 25. Rhg1 Re5 26. Rxg6 Rxf5 27. Rxg7+ Kf8 28. Nxf5 Qd7 29. e4 Bb6 30. R1g2 Re8 31. c4 Qxf5 32. R7g5 Qf4 0-1

[Event "FRA-chT2 East 0607"]
[Site "France"]
[Date "2006.12.10"]
[Round "4.3"]
[White "Lutz, Eric"]
[Black "Letzelter, Jean Claude"]
[Result "1-0"]
[WhiteElo "2191"]
[BlackElo "2222"]
[PlyCount "91"]
[EventDate "2006.10.15"]
[EventType "team"]
[EventRounds "11"]
[EventCountry "FRA"]
[SourceTitle "EXT 2008"]
[Source "ChessBase"]
[SourceDate "2007.11.25"]
[SourceVersion "1"]
[SourceVersionDate "2007.11.25"]
[SourceQuality "1"]
[WhiteTeam "Bischwiller II"]
[BlackTeam "Strasbourg II"]
[WhiteTeamCountry "FRA"]
[BlackTeamCountry "FRA"]

1. d4 d5 2. c3 Nc6 3. f4 Nf6 4. Nd2 Bf5 5. Ngf3 e6 6. e3 a6 7. Ne5 Nxe5 8. fxe5 Nd7 9. Be2 Qg5 10. 0-0 Qxe3+ 11. Rf2 Qg5 12. Qb3 Rb8 13. c4 c6 14. cxd5 cxd5 15. Nf1 Qd8 16. Qg3 Qb6 17. Be3 Rc8 18. Bd1 Rc7 19. Bb3 Bg6 20. h4 Kd8 21. h5 Be4 22. Rxf7 Kc8 23. Nd2 Bd3 24. Bf2 Bc2 25. Rc1 Bf5 26. Rxc7+ Qxc7 27. Bxd5 Qc1+ 28. Nf1 Qxb2 29. Qf3 g6 30. Bc6 Nb8 31. Rxb7 Qc2 32. Rb6 Kc7 33. d5 exd5 34. Bxd5 Bc5 35. Rb7+ Kc8 36. Ne3 Qc1+ 37. Kh2 Bd7 38. e6 Bc6 39. Bxc6 Bd6+ 40. Bg3 Nxc6 41. Bxd6 Kxb7 42. Qf7+ Ka8 43. Nd5 Qb2 44. e7 Nxe7 45. Qxe7 Qd4 46. Bc5 1-0

[Event "Polanica Zdroj op-A 42nd"]
[Site "Polanica Zdroj"]
[Date "2006.08.22"]
[Round "3"]
[White "Lutz, Eric"]
[Black "Dobrowolski, Aleksander"]
[Result "1/2-1/2"]
[WhiteElo "2214"]
[BlackElo "2280"]
[PlyCount "92"]
[EventDate "2006.08.19"]
[EventType "swiss"]
[EventRounds "7"]
[EventCountry "POL"]
[SourceTitle "CBM 113 Extra"]
[Source "ChessBase"]
[SourceDate "2006.09.14"]
[SourceVersion "1"]
[SourceVersionDate "2006.09.14"]
[SourceQuality "1"]

1. d4 Nf6 2. c3 d5 3. Bg5 e6 4. Nd2 Be7 5. e3 0-0 6. Bd3 Nbd7 7. f4 c5 8. Qf3 h6 9. h4 cxd4 10. exd4 Rb8 11. g4 b5 12. Bxf6 Nxf6 13. g5 Ne4 14. Nxe4 dxe4 15. Bxe4 b4 16. Rh2 bxc3 17. bxc3 Ba6 18. Qg4 Qa5 19. Rc2 f5 20. gxf6 Rxf6 21. Kd2 h5 22. Qg3 Qc7 23. Nh3 Bd6 24. Ke3 Rbf8 25. Rg1 Bxf4+ 26. Nxf4 Rxf4 27. Qg6 Rf3+ 28. Bxf3 Qf4+ 29. Kf2 Qxf3+ 30. Ke1 Qe3+ 31. Kd1 Rf7 32. Qg5 Qf3+ 33. Kc1 Bd3 34. Rb2 Be4 35. Qg3 Qf5 36. Rb8+ Kh7 37. Kb2 Qa5 38. Rb4 g6 39. a4 Qd5 40. Re1 a5 41. Rb5 Qc6 42. Re3 Rf1 43. Qg5 Rb1+ 44. Ka3 Ra1+ 45. Kb2 Rb1+ 46. Ka3 Ra1+ 1/2-1/2

[Event "Verbandsliga Sued Baden 0506"]
[Site "Germany"]
[Date "2006.05.07"]
[Round "9.1"]
[White "Lutz, Eric"]
[Black "Fernandez Aguado, Juan Luis"]
[Result "0-1"]
[WhiteElo "2159"]
[BlackElo "2231"]
[PlyCount "86"]
[EventDate "2005.10.16"]
[EventType "team"]
[EventRounds "9"]
[EventCountry "GER"]
[SourceTitle "EXT 2007"]
[Source "ChessBase"]
[SourceDate "2006.11.23"]
[SourceVersion "1"]
[SourceVersionDate "2006.11.23"]
[SourceQuality "1"]
[WhiteTeam "Gernsbach"]
[BlackTeam "Horben"]
[WhiteTeamCountry "GER"]
[BlackTeamCountry "GER"]

1. d4 Nf6 2. c3 b6 3. Bg5 Bb7 4. Nd2 e6 5. e4 h6 6. Bxf6 Qxf6 7. Qg4 c5 8. e5 Qg5 9. h3 cxd4 10. cxd4 f5 11. exf6 Qxg4 12. f7+ Kxf7 13. hxg4 Bb4 14. Ngf3 Bxf3 15. gxf3 Nc6 16. d5 exd5 17. 0-0-0 Rac8 18. Kb1 Bc5 19. Nb3 Ke6 20. Rh5 g5 21. f4 Bxf2 22. fxg5 hxg5 23. Rxg5 Ne5 24. Bg2 d4 25. Nxd4+ Bxd4 26. Rxd4 d6 27. Bd5+ Kf6 28. Rf5+ Ke7 29. a3 Rh2 30. Bb3 Rh1+ 31. Ka2 Rcc1 32. Bd5 Ra1+ 33. Kb3 Rh3+ 34. Ka4 Rb1 35. b3 a6 36. Rb4 Nd7 37. Re4+ Kd8 38. Kb4 Ne5 39. Rf8+ Kc7 40. Ka4 Rd1 41. Be6 d5 42. Rc8+ Kb7 43. Rd8 b5+ 0-1

[Event "FRA-chT2D 0506"]
[Site "France"]
[Date "2006.03.11"]
[Round "8.3"]
[White "Lutz, Eric"]
[Black "Goossens, Etienne"]
[Result "1-0"]
[WhiteElo "2183"]
[BlackElo "2251"]
[PlyCount "73"]
[EventDate "2005.10.27"]
[EventType "team-tourn"]
[EventRounds "11"]
[EventCountry "FRA"]
[SourceTitle "EXT 2006"]
[Source "ChessBase"]
[SourceDate "2005.11.24"]
[SourceVersion "1"]
[SourceVersionDate "2005.11.24"]
[SourceQuality "1"]
[WhiteTeam "Bischwiller"]
[BlackTeam "Metz Fischer"]
[WhiteTeamCountry "FRA"]
[BlackTeamCountry "FRA"]

1. d4 d5 2. c3 Nf6 3. Bg5 Ne4 4. h4 c5 5. dxc5 Nxg5 6. hxg5 e5 7. e4 d4 8. b4 Qxg5 9. cxd4 exd4 10. Nf3 Qe7 11. Qxd4 Bd7 12. Nbd2 Nc6 13. Qc3 a5 14. b5 Na7 15. Rh5 f5 16. Rc1 Rc8 17. Ne5 Qxc5 18. Qxc5 Bxc5 19. Nxd7 Kxd7 20. Bc4 g6 21. Rh3 Bb4 22. exf5 gxf5 23. Kf1 Bxd2 24. Rd3+ Kc7 25. Rxd2 Kb6 26. Rd6+ Kc5 27. Rd5+ Kb4 28. a3+ Kxa3 29. Rd3+ Kb2 30. Rdc3 Rhd8 31. R3c2+ Ka3 32. b6 Nc6 33. Rb1 Nb4 34. Ra1+ Na2 35. Raxa2+ Kb4 36. Rab2+ Ka3 37. Rb3+ 1-0

[Event "FRA-chT2D 0506"]
[Site "France"]
[Date "2006.01.14"]
[Round "5.2"]
[White "Spielmann, Alain"]
[Black "Lutz, Eric"]
[Result "1-0"]
[WhiteElo "2303"]
[BlackElo "2183"]
[PlyCount "44"]
[EventDate "2005.10.27"]
[EventType "team-tourn"]
[EventRounds "11"]
[EventCountry "FRA"]
[SourceTitle "EXT 2006"]
[Source "ChessBase"]
[SourceDate "2005.11.24"]
[SourceVersion "1"]
[SourceVersionDate "2005.11.24"]
[SourceQuality "1"]
[WhiteTeam "Nancy"]
[BlackTeam "Bischwiller"]
[WhiteTeamCountry "FRA"]
[BlackTeamCountry "FRA"]

1. Nf3 d5 2. d4 e6 3. c4 c6 4. e3 Bd6 5. Nbd2 Nd7 6. e4 Qa5 7. e5 Bb8 8. cxd5 cxd5 9. Bd3 f6 10. 0-0 fxe5 11. dxe5 Ne7 12. Re1 Nc5 13. Bc2 Bd7 14. a3 Qa6 15. Nf1 Bc7 16. Ng5 g6 17. b4 Na4 18. Nxe6 Qxe6 19. Bxa4 0-0-0 20. Bb3 Rhf8 21. Be3 Kb8 22. Rc1 Bb6 1-0

[Event "Polanica Zdroj op-A 41st"]
[Site "Polanica Zdroj"]
[Date "2005.08.28"]
[Round "10"]
[White "Lutz, Eric"]
[Black "Flasinski, Michal"]
[Result "1/2-1/2"]
[WhiteElo "2179"]
[BlackElo "2176"]
[PlyCount "128"]
[EventDate "2005.08.19"]
[EventType "swiss"]
[EventRounds "10"]
[EventCountry "POL"]
[SourceTitle "CBM 108 Extra"]
[Source "ChessBase"]
[SourceDate "2005.11.04"]
[SourceVersion "1"]
[SourceVersionDate "2005.11.04"]
[SourceQuality "1"]

1. d4 Nf6 2. Nd2 d5 3. e3 e6 4. Bd3 c5 5. c3 Nc6 6. f4 Bd6 7. Nh3 Qc7 8. 0-0 Bd7 9. Nf3 0-0-0 10. Ne5 Be8 11. Nf2 Kb8 12. Bd2 Nd7 13. Rc1 c4 14. Bc2 f6 15. Nxc6+ bxc6 16. b3 cxb3 17. axb3 g5 18. g3 h5 19. Nd3 e5 20. c4 e4 21. c5 Be7 22. Nb4 Qb7 23. Ra1 h4 24. Be1 Ka8 25. Qd2 Nxc5 26. dxc5 Bxc5 27. Na6 Bb6 28. b4 Bh5 29. fxg5 fxg5 30. Nc5 Qc8 31. Bd1 Bxd1 32. Qxd1 Rdf8 33. Qe2 Rxf1+ 34. Qxf1 Rf8 35. Qa6 Qxa6 36. Rxa6 Rf3 37. Bf2 hxg3 38. hxg3 g4 39. Ra2 Bxc5 40. bxc5 Rf7 41. Be1 Rf3 42. Re2 Kb7 43. Kg2 Ka6 44. Bc3 Kb5 45. Rb2+ Kxc5 46. Bd4+ Kc4 47. Rc2+ Kd3 48. Rxc6 Rxe3 49. Bxe3 Kxe3 50. Ra6 d4 51. Rxa7 d3 52. Kf1 Kf3 53. Re7 e3 54. Ke1 d2+ 55. Kd1 Kf2 56. Re8 Kf3 57. Rf8+ Kxg3 58. Ke2 Kg2 59. Rd8 g3 60. Kxe3 Kh1 61. Rh8+ Kg1 62. Kxd2 g2 63. Ke3 Kf1 64. Rf8+ Ke1 1/2-1/2